Сакральне мистецтво Володимира-Волинського. (Запис № 17430)

000 -Маркер запису
Контрольне поле сталої довжини 01567nam a22002777a 4500
003 - Належність контрольного номера
Контрольне поле Uzh_bibl
008 - Кодовані дані
Контрольне поле сталої довжини 250401b |||||||| |||| 00| 0 ukr d
020 ## - Індекс ISBN
ISBN 966-575-007-1
Ціна 14.96
040 ## - Джерело каталогіз.
Код мови каталог. укр.
041 ## - Код мови видання
Код мови оригіналу українська
Код мови тексту українська
080 ## - Індекс УДК
Індекс УДК 726.6(477)
090 ## - Шифри
Поличний індекс 726.6(477)
Авторський знак Р 56
100 ## - Автор
Автор Ричков , Петро
245 ## - Назва
Назва Сакральне мистецтво Володимира-Волинського.
Відповідальність Ред. О.Г. Гриценко
Фізичний носій Текст
260 ## - Вихідні дані
Місце видання Київ
Видавництво Техніка
Дата видання 2004
300 ## - Фізичний опис
Обсяг 192 с.
Ілл./тип відтвор. Іл.
490 ## - Серія
Назва серії Національні святині України
520 ## - Анотація
Анотація Книжку присвячено одному з найцікавіших регіонів західної України. Автори висвітлюють архітектурно-мистецьку еволюцію численних пам’яток від давньоруської доби до часів просвітництва – визначних монастирських ансамблів та православних і католицьких храмів.
521 ## - Примітка про цільове призначення
Примітка про цільове призначення Для широкого кола читачів
546 ## - Примітка про мову
Примітка про мову укр.
650 ## - Тематичні рубрики
Основна рубрика Науково-популярне видання
653 ## - Ключові слова
Ключові слова Історія і архітектура.
-- Ансамбль Зимнівського монастиря.
-- Монастир у Низкиничах..
655 ## - Термін індексування — жанр/форма
Жанр/форма Релігія
Типове ділення Туристичний путівник
700 ## - Інші автори
Інші автори Луц, Віктор
942 ## - ADDED ENTRY ELEMENTS (KOHA)
Джерело класифікації чи схема поличного розташування
Koha item type Книги
Фонди
Статус вилучення Статус втрати/відсутності Джерело класифікації чи схема поличного розташування Статус пошкодження Тип обігу (не для випозичання) Постійне розташування Поточне розташування Розташування у відділі Дата надходження Інвентарний номер Total Checkouts Повний (примірниковий) шифр зберігання Штрих-код Date last seen Дата, для якої чинна ціна заміни Тип одиниці (рівень примірника)
          Бібліотека-філія № 1 для дітей Бібліотека-філія № 1 для дітей Читальна зала старший відділ 21/04/2026 54042   726.6 (477) 16615 21/04/2026 21/04/2026 Книги

Працює на АБІС Коха